| 000 | 01045 a2200193 4500 | ||
|---|---|---|---|
| 999 |
_c234301 _d234301 |
||
| 003 | Nust | ||
| 005 | 20170317111900.0 | ||
| 008 | 170317b xxu||||| |||| 00| 0 eng d | ||
| 020 | _a9694071186 : | ||
| 040 |
_aDLC _bDLC _c0 |
||
| 082 | 0 | 0 | _a306.095491 HAF |
| 100 | 1 | _aHafeez, Sabeeha. | |
| 245 | 1 | 4 |
_aThe Changing Pakistan society _cSabeeha Hafeez. |
| 260 |
_aKarachi, Pakistan : _bRoyal Book Co., _c1991. |
||
| 300 |
_axi, 334 p. ; _c23 cm. |
||
| 500 | _aH.B | ||
| 651 | 0 |
_aPakistan _xSocial conditions. |
|
| 942 |
_cBK _k306.095491 HAF _2ddc |
||